JOB. El libro y el mensaje.
Guardat en:
| Autor principal: | |
|---|---|
| Format: | Llibre |
| Idioma: | espanyol |
| Publicat: |
Estella, España:
Verbo Divino (EVD),
1986.
|
| Col·lecció: | Cuadernos Bíblicos (CB),
|
| Matèries: | |
| Etiquetes: |
Afegir etiqueta
Sense etiquetes, Sigues el primer a etiquetar aquest registre!
|
MARC
| LEADER | 00000nam a2200000 a 4500 | ||
|---|---|---|---|
| 001 | UCW9330 | ||
| 003 | CL-VaPUC | ||
| 005 | 20230929122609.0 | ||
| 008 | 890309e19860000SP |||||||||||||||||spa|d | ||
| 999 | |c 221335 |d 221333 | ||
| 020 | |a 8471514966 | ||
| 040 | |c Pontificia Universidad Católica de Valparaíso | ||
| 082 | 0 | 4 | |a 223.1 LEV 1986 |2 21 |
| 100 | |a Lévêque, Jean |e autor |9 453668 | ||
| 245 | 1 | 0 | |a JOB. |b El libro y el mensaje. |
| 260 | |a Estella, España: |b Verbo Divino (EVD), |c 1986. | ||
| 300 | |a 62 páginas. | ||
| 490 | 0 | |a Cuadernos Bíblicos (CB), |n 53. | |
| 500 | |a c.2 Donación Sr. Jorge Precht Pizarro. 26-05-23. Biblioteca Teología. | ||
| 583 | |a last modification |c 20170628 11:23:11 |k Rodrigo Vera | ||
| 600 | 0 | |a Job |2 CL-VaPUC |9 314560 |x Antiguo Testamento |x Biblia | |
| 650 | 0 | |a Antiguo testamento |9 313678 |x Libros poéticos |v Crítica e interpretación | |
| 942 | |c BK |2 ddc | ||
| 945 | |d 19890309 00:00:00 | ||
| 952 | |0 0 |1 0 |2 ddc |4 0 |6 223_100000000000000_LEV_1986 |7 0 |8 A |9 214519 |a BIBTEO |b BIBTEO |d 2019-11-15 |i 2831201 |o 223.1 LEV 1986 |p 2831201 |r 2025-01-17 |w 2019-11-15 |y BK |k ICR | ||
| 952 | |0 0 |1 0 |2 ddc |4 0 |6 223_100000000000000_LEV_1986 |7 0 |8 A |9 591747 |a BIBTEO |b BIBTEO |d 2023-09-28 |e Donación |i 5658840 |o 223.1 LEV 1986 |p 5658840 |r 2025-01-17 |t 2 |w 2023-09-28 |y BK |k ICR | ||